Estadísticas para Países que superan a España

Haz click aquí para intentar la prueba.

Estadísticas generales

  • Esta prueba ha sido intentada 173 veces
    (160 desde el último reinicio)
  • La puntuación promedio es 8 de 9

Estadísticas de respuestas

HintRespuesta% Correcto
Más hispanohablantesEEUU/ México/Colombia
99%
Mejor sistema ferroviarioFrancia/Japón/Suiza/ Hong-Kong
99%
Europeos con más territorioFrancia/ Ucrania/ Rusia
99%
Mayor producción de vinoFrancia/ Italia
98%
Más patrimonios de la humanidadItalia/China/Alemania
97%
Más pobreza sin haber sido un sistema comunistaItalia/Portugal/Grecia
93%
Más esperanza de vidaJapón
92%
Imperio más extensoReino Unido
84%
Mejor restaurante por estrellas MichelinDinamarca
25%

Distribución de puntuación

Porcentaje por número respondido

Porcentaje de gente con cada puntuación

Historial de tus puntuaciones

No has intentado esta prueba desde el último reinicio